00969nas a2200229Ia 4500001001100000003000900011008004100020040001300061040001300074041001300087100004300100210001200143222001200155245009500167250001100262260002200273501008600295300001800381362003500399500026200434650004300696R142/C1003IT-RoPAU151124c99999999xx |||||||||||| ||und|| aIT-RoPAU cIT-RoPAU aFRANCESE aRallet AlaingCodice Aut. SPICS: 42044 aRESEAUX aReseaux aRESEAUX, N.062 (NOVEMBRE/DICEMBRE 1993)bTheorie Des Conventions Chez Les Economistes (La) a1a ed. aPARISbCNETc1993 bPaulus - SPICS - Società San Paolo EM (non-commercial uses only)cCopyright2015 a19 p. [43-61] aN.062 (NOVEMBRE/DICEMBRE 1993) aTeoria Delle Convenzioni Presso gli Economisti. Oggetto Teorico dell'Economia Delle Convenzioni. Proposte Teoriche: Continuazione, Rottura, Apporto. Individualismo Metodologico. Incompatibilità dell'Individualismo Metodologico e del Programma di Ricerche  aCOMUNICAZIONEvPUBBLICAZIONE PERIODICA